Dopady globalizácie na výkonnosť ekonomiky SR diplomová práca

Enregistré dans:
Détails bibliographiques
Auteur principal: Sulovský, Adam
Collectivité auteur: Národohospodárska fakulta EU. Katedra hospodárskej politiky
Autres auteurs: Vincúr, Pavol
Format: Livre
Langue:slovaque
Publié: Bratislava 2010
Tags: Ajouter un tag
Pas de tags, Soyez le premier à ajouter un tag!

MARC

LEADER 00000nam a2200000 4500
001 0120134
005 20240318121951.8
041 0 |a slo 
044 |a SK 
245 1 0 |a Dopady globalizácie na výkonnosť ekonomiky SR  |b diplomová práca  |c Adam Sulovský ; škol. Pavol Vincúr 
264 1 |a Bratislava  |c 2010 
300 |a 69 s. 
100 1 |a Sulovský, Adam 
700 1 |a Vincúr, Pavol 
710 2 |a Národohospodárska fakulta EU. Katedra hospodárskej politiky